000 00813cam a2200253 a 4500
001 13605717
005 20180306081515.0
008 040525s2005 njua 001 0 eng
010 _a 2004050597
020 _a0131490575
020 _a9780131490574
035 _a(OCoLC)ocm55534754
035 _a(OCoLC)55534754
_z(OCoLC)81603905
040 _aDLC
_cDLC
_dC#P
_dOCL
_dBAKER
_dBTCTA
_dYDXCP
_dOCLCG
_dDLC
041 _aeng
080 _a513.1 joh
082 0 0 _a513.1 joh
_222
100 1 _a38
101 _amat
245 1 0 _aBasic college mathematics /
_cJohn Tobey, Jeffrey Slater.
906 _a7
_bcbc
_corignew
_d1
_eocip
_f20
_gy-gencatlg
942 _2ddc
_cBK
999 _c44200
_d44200